Planificación ecorregional para la conservación de la biodiversidad en el caribe continental colombiano (Registro nro. 6866)
[ vista simple ]
| 000 -CABECERA | |
|---|---|
| Campo de control | 00955nam a2200277 a 4500 |
| 005 - FECHA Y HORA DE LA ULTIMA TRANSACCION | |
| Campo de control | 20180803165415.0 |
| 008 - ELEMENTOS DE LONGITUD FIJA—INFORMACION GENERAL | |
| Campo de control | 140217b2009 ck ||||| |||| 00| 0 spa d |
| 020 ## - ISBN | |
| ISBN | 9789588343303=020 \\ |
| -- | 9789588343297 Obra completa |
| 041 ## - IDIOMA | |
| Código de idioma para texto/pista de sonido o título separado | Español |
| 044 ## - PAÍS DE PUBLICACIÓN | |
| País de publicación | Colombia |
| 090 ## - CLASIFICACIÓN LOCAL | |
| Colección | IAVH |
| Consecutivo | 01324 |
| 100 ## - ASIENTO PRINCIPAL--NOMBRE PERSONAL | |
| Nombre personal | Galindo, Gustavo |
| 245 ## - MENCION DE TITULO | |
| Título | Planificación ecorregional para la conservación de la biodiversidad en el caribe continental colombiano |
| 260 ## - PUBLICACION, DISTRIBUCION, ETC. (PIE DE IMPRENTA) | |
| Lugar de publicación, distribución, etc. | Bogotá |
| Nombre del editor, distribuidor, etc. | IAVH |
| -- | ANH |
| -- | The Nature Conservancy |
| -- | Ideam |
| Fecha de publicación, distribución, etc. | 2009 |
| 300 ## - DESCRIPCION FISICA | |
| Extensión | 23 p. |
| 650 ## - ASIENTO SECUNDARIO DE MATERIA - TERMINO TEMATICO | |
| Término temático o nombre geográfico como elemento de entrada | Areas de conservación |
| 650 ## - ASIENTO SECUNDARIO DE MATERIA - TERMINO TEMATICO | |
| Término temático o nombre geográfico como elemento de entrada | Planificación regional |
| 650 ## - ASIENTO SECUNDARIO DE MATERIA - TERMINO TEMATICO | |
| Término temático o nombre geográfico como elemento de entrada | Planificación ambiental |
| 650 ## - ASIENTO SECUNDARIO DE MATERIA - TERMINO TEMATICO | |
| Término temático o nombre geográfico como elemento de entrada | Ecosistemas amenazados |
| 662 ## - ASIENTO SECUNDARIO DE MATERIA - JERARQUIA DEL NOMBRE DE LUGAR( | |
| País o entidad mayor | Colombia |
| Jurisdicción política intermedia | Región Caribe |
| 700 ## - ASIENTO SECUNDARIO - NOMBRE PERSONAL | |
| Nombre personal | Marcelo, Darwin |
| 700 ## - ASIENTO SECUNDARIO - NOMBRE PERSONAL | |
| Nombre personal | Bernal, Néstor Ricardo |
| 700 ## - ASIENTO SECUNDARIO - NOMBRE PERSONAL | |
| Nombre personal | Vergara, Lina Katherine |
| 700 ## - ASIENTO SECUNDARIO - NOMBRE PERSONAL | |
| Nombre personal | Betancourth, Juan Carlos |
| 942 ## - ELEMENTOS ADICIONALES (KOHA) | |
| Tipo de ítem | Impreso |
| Koha issues (borrowed), all copies | 1 |
| Sistema de clasificación | Local |
| Withdrawn status | Lost status | Sistema de Clasificación | Damaged status | No para préstamo | Colección | Inventariado | Ubicación Permanente | Ubicación actual | Fecha de adquisición | Fuente de Valor | Valor | Total Checkouts | Número topográfico | Inventario / Código de Barras | Date last seen | Ejemplar | Price effective from | Forma de adquisición | Tipo de material | Date checked out |
|---|---|---|---|---|---|---|---|---|---|---|---|---|---|---|---|---|---|---|---|---|
| Dewey Decimal Classification | Humboldt | Inventariado 2017 | Bogotá | Bogotá | 20/05/2009 | Instituto | 39000.00 | IAVH-333.9516 G15p1 | 027054 | 04/12/2012 | Ej. 1 | 04/12/2012 | Institucional | Libro | ||||||
| Local | Humboldt | Inventariado 2017 | Bogotá | Bogotá | 20/05/2009 | Instituto | 39000.00 | 1 | IAVH-333.9516 G15p1 | 027055 | 14/08/2013 | Ej. 2 | 04/12/2012 | Institucional | Libro | 29/07/2013 | ||||
| Local | Referencia | Villa de Leyva | Villa de Leyva | 20/05/2009 | IAVH-01324 | 027056 | 04/12/2012 | Ej. 1 | 04/12/2012 | Libro | ||||||||||
| Local | Referencia | Villa de Leyva | Villa de Leyva | 20/05/2009 | IAVH-01324 | 027057 | 04/12/2012 | Ej. 2 | 04/12/2012 | Libro |